A collection of paintings & limnings by the best masters: will be sold by auction on Friday the 6th, and Saturday the 7th of this instant December, 1689. : at the King's-Arms-Tavern, over against St. Clements Church, in the Strand. The sale beginning precisely at three of the clock each afternoon.

Bibliographic Details
Format: eBook
Language:English
Published: [London] : Catalogues of which are destributed by Mr. Gilliflower in Westminster-Hall: Mr. Nott in the Pall Mall: Mr. Bently in Russel-street, Covent-Garden: Mr. Wilkinson in Fleet-street: Mr. Hargrave, at the Kings-Head, over against Furnivals-Inn in Holborn: Mr. Miller, at the Acorn, in St. Paul's Church-yard: and Mr. Crouch over against the Royal-Exchange, in Cornhil, booksellers, [1689]
Series:Early English books online.
Subjects:
Online Access:Connect to the full text of this electronic book

MARC

Tag First Indicator Second Indicator Subfields
LEADER 00000nam a2200000 4500
001 in00004187821
005 20200806080921.0
006 m g d
007 cr bn |||a|bb|
008 941213s1689 enk o 00 eng d
035 |a (UnM)99884261 
037 |a CL2105000002  |b ProQuest Information and Learning. 300 N. Zeeb Rd., Ann Arbor, MI 48106 
040 |a Cu-RivES  |c Cu-RivES  |d CStRLIN  |d Cu-RivES  |e dcrb 
245 0 2 |a A collection of paintings & limnings by the best masters: will be sold by auction on Friday the 6th, and Saturday the 7th of this instant December, 1689. :  |b at the King's-Arms-Tavern, over against St. Clements Church, in the Strand. The sale beginning precisely at three of the clock each afternoon. 
260 |a [London] :  |b Catalogues of which are destributed by Mr. Gilliflower in Westminster-Hall: Mr. Nott in the Pall Mall: Mr. Bently in Russel-street, Covent-Garden: Mr. Wilkinson in Fleet-street: Mr. Hargrave, at the Kings-Head, over against Furnivals-Inn in Holborn: Mr. Miller, at the Acorn, in St. Paul's Church-yard: and Mr. Crouch over against the Royal-Exchange, in Cornhil, booksellers,  |c [1689] 
300 |a 1 online resource ([1], 5 pages) 
336 |a text  |b txt  |2 rdacontent 
337 |a computer  |b c  |2 rdamedia 
338 |a online resource  |b cr  |2 rdacarrier 
500 |a Place of publication from Wing. 
500 |a At foot of t.p.: The conditions of sale as usual, and the time of paying and fetching away the lots so bought, to be within three days after it, at the said place. 
500 |a Reproduction of original in the British Library. 
510 4 |a Wing (CD-ROM, 1996)  |c C5165 
510 4 |a Early English books tract supplement interim guide  |c 1402.g.1[16] 
533 |a Electronic reproduction.  |b Ann Arbor, Mich. :  |c UMI,  |d 1999-  |f (Early English books online)  |n Digital version of: (Early English books; Tract supplement ; D6:1[16])  |7 s1999 miun s 
650 0 |a Art auctions  |z England  |z London  |v Early works to 1800. 
650 0 |a Art  |z England  |x Catalogs  |v Early works to 1800. 
830 0 |a Early English books online. 
856 4 0 |u http://proxy.library.tamu.edu/login?url=https://search.proquest.com/docview/2240890622  |z Connect to the full text of this electronic book  |t 0 
999 f f |s 3b80f006-ec45-302f-a221-55d41078ac74  |i bbe3ddb7-2d46-3281-89f6-10ca4004bf5d  |t 0 
952 f f |a Texas A&M University  |b College Station  |c Electronic Resources  |d Available Online  |t 0  |h No information provided 
998 f f |t 0  |l Available Online